| 000 | 01019nam a22001937a 4500 | ||
|---|---|---|---|
| 001 | 10022 | ||
| 003 | FISKH | ||
| 005 | 20260401112855.0 | ||
| 008 | 260330b cb ||||| |||| 00| 0 eng d | ||
| 020 | _a9787517605683 | ||
| 040 |
_aFISKH _bchi _cFISKH _dFISKH |
||
| 082 | _a628.925 | ||
| 100 | _a娜塔莉·马歇尔 | ||
| 245 |
_a《消防车》/ _c娜塔莉·马歇尔 |
||
| 300 |
_a10 unnumbered pages : _bcolor illustrations ; _c15 cm . |
||
| 520 | _a本书是“忙忙碌碌的救援系列”中的一本儿童绘本,主要介绍消防车以及消防员的工作。通过生动的图画和简单的文字,孩子可以了解消防车的功能、救火过程以及在紧急情况下如何帮助人们。 书中通常会展示: 消防车的结构和装备 消防员如何接到报警并出动 灭火和救援的过程 安全知识和基本常识 整体内容贴近生活,帮助儿童认识社会职业,同时培养安全意识和对他人的关爱。 | ||
| 942 |
_2ddc _cBOOK _n0 |
||
| 999 |
_c10022 _d10022 |
||